| 000 | 02632nam0a2200373 4500 | ||
|---|---|---|---|
| 001 | RU\NLR\bibl\1839298 | ||
| 005 | 20260607063751.0 | ||
| 010 |
_a978-5-699-52655-0 _94000 |
||
| 021 |
_aRU _b2011-82020 _9553д/11 |
||
| 035 | _a(NLR Aleph) 001829766 | ||
| 090 |
_a2121792 _c2121792 |
||
| 100 | _a20111125d2011 |||y0rusy50 ca | ||
| 101 | 0 | _arus | |
| 102 | _aRU | ||
| 105 | _aa ||||||||| | ||
| 200 | 1 |
_aБольшая книга зимних романов о любви _e[повести _eдля среднего школьного возраста] _fВера Иванова, Елена Усачева, Юлия Фомина |
|
| 210 |
_aМосква _cЭксмо _d2011 |
||
| 215 |
_a345, [2] с. _cил. _d22 |
||
| 225 | 0 | _aБольшая книга романов о любви для девочек | |
| 327 | 1 | _aСодерж.: Приз за характер / Вера Иванова. Соперница Снежной Королевы / Елена Усачева. Закрути роман с героем! / Юлия Фомина | |
| 464 | 0 |
_12001#$aПриз за характер$fВера Иванова _1700#1$3RU\NLR\auth\7721539$aИванова$bВ. В.$cдет. писатель$gВера Владимировна$4070 _tПриз за характер _aИванова, Вера Владимировна (дет. писатель) |
|
| 464 | 0 |
_12001#$aСоперница Снежной Королевы$fЕлена Усачева _1700#1$3RU\NLR\auth\7764888$aУсачева$bЕ. А.$cписатель$f1975-$gЕлена Александровна$4070 _tСоперница Снежной Королевы _aУсачева, Елена Александровна (писатель ; 1975-) |
|
| 464 | 0 |
_12001#$aЗакрути роман с героем!$fЮлия Фомина _1700#1$3RU\NLR\auth\7755157$aФомина$bЮ. С.$cписатель$gЮлия Сергеевна$4070 _tЗакрути роман с героем! _aФомина, Юлия Сергеевна (писатель) |
|
| 686 | _aШ9(2)62=Р7-4 | ||
| 700 | 1 |
_4070 _7ca _8rus _aИванова _bВ. В. _cдет. писатель, врач _gВера Владимировна _94601 _3RU\NLR\auth\7721539 |
|
| 701 | 1 |
_4070 _7ca _8rus _aУсачева _bЕ. А. _cписатель _f1975- _gЕлена Александровна _947817 _3RU\NLR\auth\7764888 |
|
| 701 | 1 |
_4070 _7ca _8rus _aФомина _bЮ. С. _cписатель _gЮлия Сергеевна _938089 _3RU\NLR\auth\7755157 |
|
| 801 | 0 |
_aRU _bNLR _c20111125 _gRCR |
|
| 801 | 1 |
_aRU _bNLR _c20111125 |
|
| 942 | _cBOOK | ||
| 980 | _aNB | ||
| 980 | _aNBR | ||